| 000 | 00858nam a22002417a 4500 | ||
|---|---|---|---|
| 001 | 46787 | ||
| 003 | UA-OsUOA | ||
| 005 | 20220713110045.0 | ||
| 007 | ta | ||
| 008 | 20070705b un ||||| |||| 00| 0 ukr d | ||
| 020 | _a96-346-245-0 | ||
| 040 |
_aUA-OsUOA _bukr _cUA-OsUOA _dUA-OsUOA |
||
| 041 | _aukr | ||
| 080 | _a330.54(075.8) | ||
| 090 |
_a330.54(075.8) _bА64 |
||
| 245 |
_aАналітична економія: макроекономіка і мікроекономіка _bнавч. посіб. у 2-х кн. _cза ред. С. Панчишина, П. Островерха _nкн. 2 _pМікроекономіка |
||
| 260 |
_aК. _bЗнання _c2006 |
||
| 300 | _a437 с. | ||
| 650 | 7 |
_a330 Економіка взагалі _2UDC |
|
| 942 |
_cBK _2udc |
||
| 955 | _a2 | ||
| 999 |
_c332897 _d332897 |
||